Представление документа в формате RUSMARC

ПолеНазваниеЗначение
  Тип записи a
  Библиографический уровень m
001 Контрольный номер RU/УОНБ/EK_N/635617604
005 Дата корректировки 20240130235135.7
013 Номер (ISMN) __
d Цена 97 р.
100 Данные общей обработки __
a Данные общей обработки 20200221d2005 u y0rusy0189||||ca
101 Язык документа 0_
a Язык текста rus
f Язык титульного листа rus
102 Страна публикации __
a Страна публикации RU
105 Кодированные данные (монография) __
a Кодированные данные (монография) y###||||000|y
125 Кодированные данные звукозаписи и нотных изданий __
a Форма изложения нотного текста с|
128 Кодированные данные (звукозаписи-физические характеристики) __
a Кодированные данные: Музыкальная форма и тональность или лад zz
c Инструменты или голоса, рекомендуемые для солистов (устаревшее) ka||
c Инструменты или голоса, рекомендуемые для солистов (устаревшее) sa||
c Инструменты или голоса, рекомендуемые для солистов (устаревшее) bb||
c Инструменты или голоса, рекомендуемые для солистов (устаревшее) kb||
200 Заглавие и сведения об ответственности 1_
a Заглавие № 10
b Общее обозначение материала Ноты
e Сведения, относящиеся к заглавию произведения для фп., скрипки, трубы, органа
210 Выходные данные 1_
d Дата издания 2005
215 Физическое описание __
a Объем 64 с., 1 парт. (8 с.)
327 Примечание о содержании 11
a Примечание о содержании Содерж. : Произведения для фортепиано : Бах И. С. Каприччио на отъезд возлюбленного брата ; Прелюдия и фуга es/dis-moll. - Произведения для трубы и фортепиано : Бах И. С. Прелюдия es-moll / перелож. Т. Докшицера. - Произведения для органа : Бах И. С. Хоральная прелюдия f-moll ; Хоральная прелюдия f-moll / перелож. для фп. Ф. Бузони. - Произведения для скрипки и фортепиано : Бах И. С. Концерт E-dur ; Партита № 3.
461 Уровень набора _0
1 001RU/УОНБ/EK_N/635345671
1 200
a Нотный альбом
b Ноты
v № 10
1 210
a М.
c Научтехлитиздат
d 2005 -
464 Аналитический уровень _0
1 2001
a Каприччио
e на отъезд возлюбленного брата
e для фп.
1 700 1
a Бах
b И. С.
464 Аналитический уровень _0
1 2001
a Прелюдия
e es-moll
e BWV 853
e ХТК т. 1 № 8
e для трубы и фп.
1 700 1
a Бах
b И. С.
1 702 1
a Докшицер
b Т.
4 030
464 Аналитический уровень _0
1 2001
a Хоральная прелюдия
e f-moll
e для органа
1 700 1
a Бах
b И. С.
464 Аналитический уровень _0
1 2001
a Концерт E-dur
e для скрипки и фп.
1 700 1
a Бах
b И. С.
464 Аналитический уровень _0
1 2001
a Прелюдия и фуга
e es/dis-moll
e BWV 853
e ХТК т. 1 № 8
e для фп.
1 700 1
a Бах
b И. С.
464 Аналитический уровень _0
1 2001
a Хоральная прелюдия
e f-moll
e для органа
1 700 1
a Бах
b И. С.
1 702 1
a Бузони
b Ф.
4 030
464 Аналитический уровень _0
1 2001
a Партита № 3
e для скрипки соло
1 700 1
a Бах
b И. С.
512 Заглавие обложки 1_
a Заглавие обложки Нотный альбом
606 Тематические рубрики 0_
a Основная рубрика Фортепиано
x Основная подрубрика Произведения
606 Тематические рубрики 0_
a Основная рубрика Скрипка
x Основная подрубрика Произведения
606 Тематические рубрики 0_
a Основная рубрика Труба
x Основная подрубрика Произведения
606 Тематические рубрики 0_
a Основная рубрика Органная музыка
x Основная подрубрика Произведения
610 Ключевые слова 0_
a Ключевые слова фортепиано
610 Ключевые слова 0_
a Ключевые слова скрипка
610 Ключевые слова 0_
a Ключевые слова труба
610 Ключевые слова 0_
a Ключевые слова орган
610 Ключевые слова 0_
a Ключевые слова произведения
686 Индексы других классификаций __
a Классификационный индекс 85.9я43
2 Код системы rubbk
801 Источник записи _0
a Страна RU
b Организация Ульяновская ОНБ
c Дата составления 20200221
g Правила каталогизации RCR
801 Источник записи _1
a Страна RU
b Организация Ульяновская ОНБ
c Дата составления 20200221
g Правила каталогизации RCR
901 Тип документа __
t Тип документа n
w Контрольный № источника RU/УОНБ/EK_N/635345671
909 Создатель записи __
a Создатель записи Грязнова И. Е.
938 Служебная информация __
a Имя БД noti
b Имя библиотеки УОНБ
c Имя АИБС МАРК-SQL
d Номер DOC_ID в БД 22016